Suurin C:lla alkava kaupunki - Statistics

Yleistilastot
  • Tätä visaa on pelattu 151 kertaa
  • Keskiarvotulos 8 / 16
Vastaustilastot
Maa C-Kaupunki % Oikein
Venezuela Caracas
87%
Marokko Casablanca
83%
Yhdysvallat Chicago
78%
Sri Lanka Colombo
78%
Kanada Calgary
73%
Intia Chennai
65%
Irlanti Cork
62%
Kolumbia Cali
49%
Kiina Chongqing
49%
Italia Catania
48%
Filippiinit Cebu
41%
Brasilia Curitiba
38%
Belgia Charleroi
25%
Portugali Coimbra
23%
Chile Concepcion
18%
Meksiko Culiacan
17%
Ehtoja vastaavia visoja ei löytynyt
Tulosjakauma
Jokaisen tuloksen saaneiden osuus
Persentiili vastausten määrän mukaan
Tuloshistoriasi
Et ole pelannut tätä visaa